On the chemistry of tetrabenzyl thiuram disulfide and tetramethyl thiuram disulfide with bis (Triethoxysilylpropyl) tetrasulfide in silica compounds (Record no. 64357)

MARC details
000 -LEADER
fixed length control field 00568nam a2200181Ia 4500
100 ## - MAIN ENTRY--AUTHOR NAME
Personal name Datta R N
245 #0 - TITLE STATEMENT
Title On the chemistry of tetrabenzyl thiuram disulfide and tetramethyl thiuram disulfide with bis (Triethoxysilylpropyl) tetrasulfide in silica compounds
260 ## - PUBLICATION, DISTRIBUTION, ETC. (IMPRINT)
Name of publisher Rubber Chemistry and Technology
Year of publication 2003
300 ## - PHYSICAL DESCRIPTION
Number of Pages 876-891
650 ## - SUBJECT ADDED ENTRY--TOPICAL TERM
Topical Term Silica compounds
700 ## - ADDED ENTRY--PERSONAL NAME
Personal name Datta S
700 ## - ADDED ENTRY--PERSONAL NAME
Personal name Maslow W
700 ## - ADDED ENTRY--PERSONAL NAME
Personal name Nieuwenhuis P G J
700 ## - ADDED ENTRY--PERSONAL NAME
Personal name Nijenhuis W J
700 ## - ADDED ENTRY--PERSONAL NAME
Personal name Talma A G
942 ## - ADDED ENTRY ELEMENTS (KOHA)
Koha item type Journals
Holdings
Withdrawn status Lost status Damaged status Not for loan Home library Current library Shelving location Date acquired Serial Enumeration / chronology Koha item type
      Journals RRII Library RRII Library Rubber chemistry 17/12/2021 Volume 76, Issue 4 Journals